Andrej Barčík : Osou cez horizont = Axis Crossing the Horizon /

Enregistré dans:
Détails bibliographiques
Auteur principal: Žilíková, Lucia (Auteur)
Format: Livre
Langue:slovaque
anglais
Publié: Bratislava : Galéria Nedbalka, 2019
Édition:1. vydanie
Sujets:
Tags: Ajouter un tag
Pas de tags, Soyez le premier à ajouter un tag!

MARC

LEADER 00000nam a22000003a 4500
001 0089506
003 SK-STU
005 20210715101710.8
007 ta
008 210714s ----xo-----e------000-0-----d
020 |a 978-80-89784-16-5 
040 |a STU  |b slo 
041 0 |a slo  |a eng 
044 |a xo 
100 1 |a Žilíková, Lucia  |4 aut 
245 1 0 |a Andrej Barčík :  |b Osou cez horizont = Axis Crossing the Horizon /  |c aut. Lucia Žilíková 
250 |a 1. vydanie 
260 |a Bratislava :  |b Galéria Nedbalka,  |c 2019 
300 |a 64 s. 
650 0 7 |a výtvarné umenie 
650 0 7 |a výtvarníci slovenskí 
650 0 7 |a život a dielo 
996 |b 284AU08836  |c A* 12116/U  |l AAKNST  |s P  |a 0  |w 0089506_0001 
996 |b 284AU08837  |c A* 12117/U  |l AAKNAR  |s A  |a 24  |w 0089506_0002